| 000 | 00742nam a2200265Ia 4500 | ||
|---|---|---|---|
| 001 | 3482 | ||
| 005 | 20240113233632.0 | ||
| 007 | ta | ||
| 008 | 050518s1960 a g b000 u eng u | ||
| 020 | _cHB | ||
| 040 | _aCotton College,Assam | ||
| 041 | _aeng | ||
| 082 |
_a954.162 _bBh 469 Hu |
||
| 100 | _aBhuyan, S.K.. | ||
| 245 | 0 |
_aPapers on Hugh Baillie`s Three petitions on Assam trade, 1771, 1773, 1776 / _cS.K. Bhuyan. _hTextual Documents |
|
| 260 |
_axx : _bxxx , _c1960. |
||
| 300 | _bill ; | ||
| 500 |
_^" _aExtracted from S K Bhuyan`s ""Londo Notes"" , vol - I & II" |
||
| 653 | _aHistory-Assam | ||
| 653 | _aAssam History | ||
| 653 | _aRef-History | ||
| 942 |
_2ddc _cBK |
||
| 999 |
_c3470 _d3470 |
||